000 00440nam a2200157 a 4500
001 000001848
005 20200929145728.0
008 090629s20uu sp a 000 0 spa d
040 _aDO-SdBNP
_bspa
_cBNPHU
082 _axxx
_bD637
245 0 0 _a205 anécdotas del antiguo Egipto.
246 0 0 _aDocientos anécdota del antiguo Egipto
260 _aBarcelona :
_bMundo Revistal S.L,
_c20?
300 _a50 p. :
_bil. ;
_c23 cm.
049 _aBNPD
999 _c1725
_d1725